01521 a2200217 4500003000500000005001700005020001500022040000900037082001200046100002800058245006300086250001200149260002800161300001100189505080800200650001301008942002101021999001901042952012101061952012101182NUST20221124181612.0 a0195847466 cNust a530,CHR aChristopher ,WU9103536 aSolutions To Problems In A Level Physics /cChristopher WU a2nd ed. aSingaporebOxfordc1991 a217p.: aInterpreting Scientific and Problem Solving (Page-1), Errors, Significant Figures and Dimensions (Page-4), Linear and Projectile Motion (Page-9), Vector and Statics (Page-15), Newton’s Law (Page-24), Circular and Rotational Motion (Page-35), Concept of Fields (Page-42), Elasticity and Properties of Matter (Page-52), Simple Harmonic Motion and Oscillations (Page- 63), Properties of Waves (Page-73), Interference , Diffraction (Page-85), Thermometry , Ideal Gas Question, Thermal Conduction (Page-96), Kinetic Theory First Law of Thermodynamics (Page-108), Static Electricity (Page-119), Concepts of Current Electricity (Page-129), Electromagnetism (Page-139), Alternating Current and Electronics (Page-149), Photoelectric and Atomic Physics (Page-164), Radioactivity and Nuclear Physics (Page-173) . a Physics 2ddccBKk530,CHR c180638d180638 00102ddc4070aMCSbMCScGENd2016-12-12o530,CHRpMCS27051r2016-12-08w2016-12-12yBKzAlmirah No.15, Shelf No.2 00102ddc4070aMCSbMCScGENd2016-12-12o530,CHRpMCS27476r2016-12-08w2016-12-12yBKzAlmirah No.15, Shelf No.2